| 000 | 01853nam0a2200397 4500 | ||
|---|---|---|---|
| 001 | RU\NLR\BIBL_A\022765043 | ||
| 005 | 20260621235749.0 | ||
| 010 |
_a978-5-9908163-8-1 _91000 |
||
| 021 |
_aRU _bКН-П-26-006707 _9КН-П-26-0650 |
||
| 035 | _a(NLR Aleph) 022765043 | ||
| 090 |
_a13732674 _c13732674 |
||
| 100 | _a20260325d2026 u y0rusy50 ca | ||
| 101 | 1 |
_arus _ceng |
|
| 102 | _aRU | ||
| 105 | _aa z 000yy | ||
| 181 | 0 |
_ai3 _baxxe |
|
| 182 | 0 | _an | |
| 200 | 1 |
_aПуть самотрансформации _dThe path of self-transformation _fМарк Л. Профет, Элизабет Клэр Профет _g[переводчики: Мария Молчан, Александра Ширинская] _zeng |
|
| 203 |
_aТекст _bвизуальный _cнепосредственный |
||
| 210 |
_aМосква _cАльфа и Омега _d2026 (печ. 2025) |
||
| 215 |
_aXVIII, 323, [1] с., [1] л. цв. ил. _cил. _d22 |
||
| 225 | 1 | _aИз серии "Взойди на высочайшую вершину" | |
| 300 | _aАвт. также на англ. яз.: Mark L. Prophet, Elizabeth Clare Prophet | ||
| 320 | _aБиблиогр. в примеч.: с. 306-323 | ||
| 320 | _aДр. кн. авторов на 1-й с. обл. | ||
| 510 | 1 |
_6z45790 _aThe path of self-transformation _zeng |
|
| 606 | 1 |
_aТеософия _2nlr_sh1 _2nlr_sh2 _3RU\NLR\AUTH\66144541 |
|
| 686 | 1 | _aЭ391.6 | |
| 700 | 1 |
_aПрофет _bМ. Л. _f1918-1973 _gМарк Л. _3RU\NLR\AUTH\7712592 |
|
| 701 | 1 |
_aПрофет _bЭ. К. _f1939-2009 _gЭлизабет Клэр _3RU\NLR\AUTH\773084 |
|
| 790 | 1 |
_6z45 _aProphet _bM. L. _f1918-1973 _gMark L. _3RU\NLR\AUTH\770294712 |
|
| 790 | 1 |
_6z45 _6z45510 _aProphet _bE. C. _f1939-2009 _gElizabeth Clare _3RU\NLR\AUTH\7732220 |
|
| 942 | _cBOOK | ||
| 980 | _aNB | ||